000 00685nam a2200241Ia 4500
003 OSt
005 20221005093244.0
006 a|||||r|||| 00| 0
007 ta
008 221004b |||||||| |||| 00| 0 eng d
024 _a48060
037 _cTextual
040 _aCRL
_cCRL
_beng
041 _2eng
_aeng
082 _aO111,2J64:gx, K0
100 _aCruttwell Patrick
245 0 _aShakespearean moment and its place in the poetry of the 17th century
260 _aNew York
_bVintage Books USA
_c1960
300 _a262p.
_ccm.
650 _aENGLISH LITERATURE
942 _hO111,2J64:gx, K0
_cTEXL
_2cc
999 _c1000078
_d1000078